00810cam a22001817a 4500020001800000020001500018040000800033082002600041110005400067245004900121260007600170300003300246490002600279500022400305650001900529650001900548710006100567 a9789251060650 a9251060657 cUAB00a641 FOO 2008 A037 Or.2 aJoint FAO/WHO Expert Committee on Food Additives.10aCompendium of food additive specifications / aRome :bFood and Agriculture Organization of the United Nations,c2008. aix, 141 p. :bill. ;c30 cm.1 aFAO JECFA monographs, a"This volume of FAO JECFA Monographs contains specifications of identity and purity, prepared at the 69th meeting of the Joint FAO/WHO Expert Committee on Food Additives (JECFA), held in Rome on 17-26 June 2008"--P. ix. 0aFood additives 0aFood additives2 aFood and Agriculture Organization of the United Nations.